000 00691nam a22001937a 4500
003 LK-CoMWRAF
005 20231214043255.0
008 231214b |||||||| |||| 00| 0 eng d
020 _a9551454006
040 _aLK-CoMWRAF
_dLK-CoMWRAF
_eLK-CoMWRAF
041 _asin
082 _a323
_bLIY
100 _aලියනගේ, කමලා
245 _aමානව අයිතිවාසිකම් සංකල්පය සහ භාවිතය
246 _amanawa aithiwasikam sankalpaya saha bhawithaya
260 _aනාවල :
_bකෙන්රාඩ් ඇඩිනවරි පදනම,
_c2006
650 _aමානව අයිතිවාසිකම්
942 _cBK
999 _c4436
_d4436